Fertility of czech females could be lower than expected: trends in future development of age-specific fertility rates up to the year 2050

Vývoj časových radov miery pôrodnosti použitím jednodimenziálneho Box-Jenkinsov modelu a multidimenziálneho stochastického prístupu Lee-Carter. Tri varianty projekcie vývoja českej populácie.

Guardado en:
Detalles Bibliográficos
Autor principal: Šimpach, Ondřej
Formato: Capítulo de libro
Lenguaje:inglés
Materias:
Etiquetas: Agregar Etiqueta
Sin Etiquetas, Sea el primero en etiquetar este registro!

MARC

LEADER 00000naa a2200000 4500
001 0200775
005 20220729111923.4
041 0 |a eng 
044 |a CZ 
245 1 0 |a Fertility of czech females could be lower than expected: trends in future development of age-specific fertility rates up to the year 2050  |c Ondřej Šimpach 
520 |a Vývoj časových radov miery pôrodnosti použitím jednodimenziálneho Box-Jenkinsov modelu a multidimenziálneho stochastického prístupu Lee-Carter. Tri varianty projekcie vývoja českej populácie. 
610 2 0 |a pôrodnosť 
610 2 0 |a prognózy demografické 
610 2 0 |a ukazovatele demografické 
610 2 0 |a demografia 
610 2 0 |a populácia 
100 1 |a Šimpach, Ondřej